[Event "ST-2013-0-00114"]
[Site "LSS email"]
[Date "2013.10.05"]
[Round "?"]
[White "Buzek, Jiri"]
[Black "Frendzas, Panayotis"]
[Result "1/2-1/2"]
[WhiteElo "2402"]
[BlackElo "2371"]
[PlyCount "51"]
[EventDate "2013.08.23"]
[EventType "tourn (corr)"]
[EventRounds "6"]
[EventCountry "GER"]
[SourceTitle "Corr 2015"]
[Source "ChessBase"]
[SourceDate "2015.07.17"]
[SourceVersion "1"]
[SourceVersionDate "2015.07.17"]
[SourceQuality "1"]

1. d4 Nf6 2. c4 c5 3. d5 b5 4. cxb5 a6 5. bxa6 g6 6. a7 Rxa7 7. Nc3 Ba6 8. e4 Bxf1 9. Kxf1 d6 10. g3 Bg7 11. Kg2 0-0 12. Nf3 Na6 13. Re1 Qa8 14. Rb1 Nc7 15. Qd3 e6 16. dxe6 Nxe6 17. a3 Rd8 18. Rd1 d5 19. Nxd5 Nxd5 20. exd5 Rad7 21. Qc4 Nd4 22. Nxd4 Rxd5 23. f3 h5 24. Ne6 Rxd1 25. Nxd8 Qxd8 26. Bg5 1/2-1/2